Statistiques concernant Grandes actions des chefs d'Etat français

Cliquez ici pour prendre le quiz!

Statistiques générales

  • Ce quiz a été pris 139 fois
  • Le résultat moyen est 11 sur 15

Statistiques - réponses

ActionChef d'Etat% Correct
Il autorise le "mariage pour tous"François Hollande
97%
Il abolit la peine de mortFrançois Mitterrand
97%
Il supprime le service militaireJacques Chirac
97%
Dix ans plus tard, celui-là rétablit l'esclavageNapoléon Ier
95%
Il légalise l'IVGValéry Giscard d'Estaing
95%
Sous sa présidence, le suffrage devient vraiment universel en s'ouvrant à la moitié féminine de la populationCharles de Gaulle
91%
Il décrète que le français sera dorénavant la seule langue de l'administration et du droit (1539)François Ier
78%
Il a autorisé l'ouverture de la première ligne de chemin de fer française, entre Saint-Etienne et Andrézieux, en 1823Louis XVIII
68%
Avec la Convention, en 1794, celui-ci abolit l'esclavageRobespierre
63%
Il met en place la Poste d'Etat au XVème siècleLouis XI
62%
Les premiers transports aériens de passagers ont eu lieu sous sa présidence (en 1919)Raymond Poincaré
59%
Il préside la France lors de la mise en place du premier salaire minimum (SMIG)Vincent Auriol
57%
Avec son ministre Jules Ferry, il rend l'école gratuite, obligatoire et laïqueJules Grévy
53%
Il signe l'Edit de Roussillon, qui décrète que le 1er janvier est le début de l'année civile (1564)Charles IX
44%
La loi de 1905, de séparation des églises et de l'Etat, est promulguée sous sa présidenceEmile Loubet
44%

Distribution des résultats

Percentile par nombre de réponses

% des personnes avec chaque résultat

Votre développement - résultats

Vous n’avez pas pris ce quiz